Back to the black board : Design for a biblical Christian school ; a book for parents, teachers and administrators

The book is a truly provocative book on what qualifies as Christian education. Author focuses not only on the context of instruction, but also on the purpose and methods of learning in terms of spiritual growth and service. His innovative proposal regarding grading and the use of 'ministering p...

Descripció completa

Guardat en:
Dades bibliogràfiques
Autor principal: Adams, Jay E
Format: Llibre
Idioma:Undetermined
Publicat: Philipsburg, N J Presbyterian and Reformed 1984
Matèries:
Etiquetes: Afegir etiqueta
Sense etiquetes, Sigues el primer a etiquetar aquest registre!
Thư viện lưu trữ: Trung tâm Học liệu Trường Đại học Cần Thơ
LEADER 00985nam a2200217Ia 4500
001 CTU_43146
008 210402s9999 xx 000 0 und d
020 |c 5.50 
082 |a 371.071 
082 |b A214 
100 |a Adams, Jay E 
245 0 |a Back to the black board : 
245 0 |b Design for a biblical Christian school ; a book for parents, teachers and administrators 
245 0 |c Jay E Adams 
260 |a Philipsburg, N J 
260 |b Presbyterian and Reformed 
260 |c 1984 
520 |a The book is a truly provocative book on what qualifies as Christian education. Author focuses not only on the context of instruction, but also on the purpose and methods of learning in terms of spiritual growth and service. His innovative proposal regarding grading and the use of 'ministering projects' will generate fresh thought and discussion. 
650 |a Christian education 
904 |i Minh, Huỳnh Mai 
980 |a Trung tâm Học liệu Trường Đại học Cần Thơ